000
00205 a2200097 4500
001
2563
100
_a
Musa, Muhammad
245
_a
Jawan to general
260
_a
_b
East & West Pub.
_c
090
_c
1859
_d
1859
942
_a
NUST-CAE
_c
M
_c
9546
999
_c
237636
_d
237636